000 00757nam a2200253 a 4500
008
020 _a0205065279 (hbk.)
049 _aMAIN
090 0 _aQD101.2
_bFRI
100 1 _aFritz, James S.
245 1 0 _aQuantitative analytical chemistry /
_cJames S. Fritz, George H. Schenk.
250 _a4th ed.
260 _aBoston, Mass. :
_bAllyn and Bacon,
_c1979.
300 _ax, 661 p. :
_bill. ;
_c24 cm.
500 _aIncludes index.
504 _aIncludes bibliographical references.
650 0 _aChemistry, Analytic
_xQuantitative.
700 1 0 _aSchenk, George H.
907 _a.b10103107
_b07-09-09
_c11-12-03
003
005 20230123133648.0
040 _cNUST
942 _cBOOKS
_kQD101.2
_mFRI
999 _c152460
_d152460